书目信息 |
| 题名: |
五四运动文选
|
|
| 作者: | ;中国社科院 编 | |
| 分册: | ||
| 出版信息: | 北京 三联书店 1959 |
|
| 页数: | 602页 | |
| 开本: | 20cm | |
| 丛书名: | ||
| 单 册: | ||
| 中图分类: | K261.1-53 , I211 | |
| 科图分类: | ||
| 主题词: | 五四运动--文集 , 文学--作品集--中国 | |
| 电子资源: | ||
| ISBN: | ||
| 000 | 00697nam0 2200241 450 | |
| 001 | 1570895631 | |
| 005 | 20150123200902.21 | |
| 010 | @dCNY1.85 | |
| 091 | @a17002.29 | |
| 100 | @a20130329e19791959em y0chiy0110 ea | |
| 101 | 0 | @achi |
| 102 | @aCN@b110000 | |
| 105 | @ay z 000yy | |
| 200 | 1 | @a五四运动文选@9wu si yun dong wen xuan@f中国社会科学院近代史研究所编 |
| 210 | @a北京@c三联书店@d1959@h1979重印 | |
| 215 | @a602页@d20cm | |
| 606 | 0 | @a五四运动@x文集 |
| 606 | 0 | @a文学@x作品集@x中国 |
| 690 | @aK261.1-53@v5 | |
| 690 | @aI211@v4 | |
| 711 | 02 | @a中国社科院@9zhong guo she ke yuan jin dai shi yan jiu suo@b近代史研究所@4编 |
| 801 | 0 | @aCN@bTSSF@c20150123 |
| 905 | @aZUCC@dI211@eJY211 | |
| 五四运动文选/中国社会科学院近代史研究所编.-北京:三联书店,1959(1979重印) |
| 602页;20cm |
| ISBN :CNY1.85 |
| ● |
| 相关链接 |
|
|
|
|
正题名:五四运动文选
索取号:I211/JY211
 
预约/预借
| 序号 | 登录号 | 条形码 | 馆藏地/架位号 | 状态 | 备注 |
| 1 | 7835869 | 278358698 | 学院路分馆/ [索取号:I211/JY211] | 在馆 | |
| 2 | 7843217 | 278432171 | 学院路分馆/ [索取号:I211/JY211] | 在馆 | |
| 3 | 7855341 | 278553414 | 学院路分馆/ [索取号:I211/JY211] | 在馆 |